00700 2200253 4500001002100000001002100021005001500042008000500057020002200062035002400084082001200108090001600120090001800136100001600154245003900170245006300209260003300272260003300305300003600338650002000374700002200394990001500416990001500431YOGYA000000000001088YOGYA00000000000108820140822083612 ind a978-602-8811-97-3 0010-081400000001128 a899.223 a809 3 Mur L a899.223 Suj L aSUJIWO TEJO aLembah dendam. Cetakan 2cMurwanto aLupa Endonesa/cSujiwo Tejo ; penyunting Endah Suci Astuti aJakartabBalai Pustakac1992 aYogyakarta :bBentang,c2013 axiii, 218 hlm.;bilus.;c21 cm. aFiksi Indonesia aEndah Susi Astuti a57351-P/95 a57352-P/95